LDR 00942nam a2200241 i 4500 001 000000076620 003 CaOOAMICUS 005 20260515124050.0 008 010517s2000 fr u000 u fre u 013 $a47792 020 $a2-204-06466-1 040 $aSeMil$bita 100 1 $aSiegwalt, Gérard,$d<1932- >.$0(OLS)http://semarc/name/2566 245 10$aThéologie de la création /$cGérard Siegwalt. 300 $a511 p. ;$c22 cm 650 4$aCreazione - Teologia.$0(OLS)http://semarc/subject/2265 773 0 $aSiegwalt, Gérard <1932- >$tAffirmation de la foi.$dParis : Les Éditions du Cerf, 1996-2000.$g2$w()3367 850 $aSeMil 852 $aSeMil$W1$xVenegono$y1$m2B II 665$j272052$B42772$CSeMilBibl$Z2$F42891 $81 961 $aAcquisto: SODIS 996 $6020$a2-204-06466-1$9(OLS)http://semarc/number/57645 996 $6245$aThéologie de la création$9(OLS)http://semarc/title/124238